| 000 | 00645cam a2200229 i 4500 | ||
|---|---|---|---|
| 999 |
_c130028 _d130028 |
||
| 001 | 19506872 | ||
| 005 | 20230111090158.0 | ||
| 008 | 170221s2017 ii a 001 0 eng | ||
| 020 | _a9789386150202 | ||
| 020 | _a9386150204 | ||
| 040 | _cPK-LaUMT | ||
| 082 | 0 | 0 |
_a616.1207543 _223 _bLUT-E |
| 100 | 1 | _aLuthra, Atul | |
| 245 | 1 | 0 |
_aEcho made easy / _cby Atul Luthra |
| 250 | _a4th ed. | ||
| 260 |
_aNew Delhi : _bThe Health Sciences Publishers, _c2017 |
||
| 300 |
_axvi, 260 p. : _billustrations ; _c18 cm + _e1 CD-ROM (4 3/4 in.) |
||
| 500 | _aIncludes index. | ||
| 650 | 0 | _aEchocardiography. | |
| 700 | 1 | _aKaddoura, Sam. | |
| 942 | _cBK | ||